[Event "British Rapidplay"]
[Site "Peterborough"]
[Date "2025.03.01"]
[Round "1"]
[White "Mihalik, Agoston"]
[Black "Sriram, Gautam"]
[Result "1-0"]
[WhiteElo "2140"]
[BlackElo "1597"]
[PlyCount "85"]
[EventDate "2025.03.01"]
[EventType "swiss (rapid)"]
[EventRounds "11"]
[EventCountry "ENG"]
[SourceTitle "CB10_2025"]
[SourceDate "2025.03.05"]
[SourceVersion "1"]
[SourceVersionDate "2025.03.05"]
[SourceQuality "1"]

1. e4 d5 2. exd5 Qxd5 3. Nc3 Qa5 4. d4 c6 5. Bc4 Nf6 6. Nge2 Bf5 7. Ng3 Bg6 8. Qe2 e6 9. a3 Bd6 10. Bd2 Qc7 11. Nce4 Nxe4 12. Nxe4 Bxe4 13. Qxe4 Nd7 14. Qg4 g6 15. h4 Nf6 16. Qf3 Nd5 17. g3 0-0-0 18. 0-0-0 Rhe8 19. Bb3 f5 20. h5 Qg7 21. hxg6 hxg6 22. Kb1 Nc7 23. c4 Be7 24. Bh6 Qf7 25. Be3 Bf6 26. d5 exd5 27. cxd5 Nxd5 28. Bxa7 Re7 29. Bb6 Rdd7 30. Rd3 Qg7 31. Bxd5 cxd5 32. Rc1+ Kb8 33. Qf4+ Be5 34. Qa4 Rc7 35. Qa7+ Kc8 36. Qa8+ Kd7 37. Bxc7 Bxc7 38. Qxb7 Ke8 39. Qxd5 Kf8 40. Rxc7 Rxc7 41. Qd8+ Kf7 42. Qxc7+ Kf6 43. Rd6+ 1-0

[Event "BCF-ch U10 rapid"]
[Site "Hull"]
[Date "2024.07.27"]
[Round "9"]
[White "Sriram, Gautam"]
[Black "Gedge, Joshua"]
[Result "1/2-1/2"]
[WhiteElo "1547"]
[BlackElo "1357"]
[PlyCount "52"]
[EventDate "2024.07.26"]
[EventType "swiss (rapid)"]
[EventRounds "9"]
[EventCountry "ENG"]
[SourceTitle "CBM 221 Extra"]
[Source "ChessBase"]
[SourceDate "2024.09.30"]
[SourceVersion "1"]
[SourceVersionDate "2024.09.30"]
[SourceQuality "1"]

1. e4 c5 2. g3 e6 3. Bg2 d5 4. exd5 exd5 5. Ne2 Nf6 6. d3 Be7 7. 0-0 0-0 8. Bf4 Nc6 9. Nbc3 a6 10. a4 Bg4 11. h3 Bh5 12. Qd2 Bd6 13. Bg5 Be7 14. Bxf6 Bxf6 15. Nxd5 Bxb2 16. Rab1 Bxe2 17. Qxe2 Bf6 18. Rxb7 Re8 19. Qd2 Nd4 20. Re1 Rxe1+ 21. Qxe1 Nxc2 22. Qe4 Rc8 23. Nxf6+ Qxf6 24. Re7 g6 25. Re8+ Rxe8 26. Qxe8+ Kg7 1/2-1/2

[Event "BCF-ch U10 rapid"]
[Site "Hull"]
[Date "2024.07.26"]
[Round "5"]
[White "Sriram, Gautam"]
[Black "Bartlett, William"]
[Result "1/2-1/2"]
[WhiteElo "1547"]
[BlackElo "1354"]
[PlyCount "66"]
[EventDate "2024.07.26"]
[EventType "swiss (rapid)"]
[EventRounds "9"]
[EventCountry "ENG"]
[SourceTitle "CBM 221 Extra"]
[Source "ChessBase"]
[SourceDate "2024.09.30"]
[SourceVersion "1"]
[SourceVersionDate "2024.09.30"]
[SourceQuality "1"]

1. e4 e5 2. Nf3 Nf6 3. Nc3 Bb4 4. d3 d5 5. exd5 Nxd5 6. Bd2 Bxc3 7. Bxc3 Nxc3 8. bxc3 Bg4 9. Be2 Nc6 10. 0-0 0-0 11. h3 Bh5 12. Qd2 e4 13. Nh2 Bxe2 14. Qxe2 exd3 15. cxd3 Re8 16. Qc2 Qf6 17. Rad1 Rad8 18. d4 Re7 19. Rfe1 Rde8 20. Rxe7 Rxe7 21. Nf3 Qf4 22. Qb3 b6 23. Qd5 Qf6 24. Ne5 Re6 25. Re1 h6 26. Kf1 Qf5 27. Qf3 Qxf3 28. Nxf3 Rxe1+ 29. Kxe1 Ne7 30. Kd2 Kf8 31. Kd3 Ke8 32. Ne5 f6 33. Nf3 Kd7 1/2-1/2

[Event "BCF-ch U10 rapid"]
[Site "Hull"]
[Date "2024.07.26"]
[Round "1"]
[White "Sriram, Gautam"]
[Black "Terry, George"]
[Result "1-0"]
[WhiteElo "1547"]
[BlackElo "764"]
[PlyCount "135"]
[EventDate "2024.07.26"]
[EventType "swiss (rapid)"]
[EventRounds "9"]
[EventCountry "ENG"]
[SourceTitle "CBM 221 Extra"]
[Source "ChessBase"]
[SourceDate "2024.09.30"]
[SourceVersion "1"]
[SourceVersionDate "2024.09.30"]
[SourceQuality "1"]

1. e4 e5 2. Nf3 Nc6 3. Nc3 Nf6 4. g3 Bc5 5. Bg2 0-0 6. 0-0 d5 7. exd5 Nxd5 8. d3 Nxc3 9. bxc3 Bg4 10. h3 Bxf3 11. Bxf3 Qd7 12. Bg2 h6 13. Bb2 Ne7 14. Re1 Qf5 15. Qf3 Qxf3 16. Bxf3 c6 17. Rxe5 Bd6 18. Ree1 Rfe8 19. Rad1 Nf5 20. Be4 Ne7 21. c4 Rad8 22. d4 Bb4 23. c3 Ba5 24. Rf1 Ng6 25. Bxg6 fxg6 26. Rfe1 Kh7 27. Kg2 h5 28. d5 cxd5 29. Rxe8 Rxe8 30. cxd5 Bb6 31. Rd2 Kh6 32. d6 g5 33. d7 Rf8 34. Ba3 Rf7 35. d8Q Bxd8 36. Rxd8 h4 37. Rh8+ Kg6 38. gxh4 gxh4 39. Rxh4 Rc7 40. Rg4+ Kf7 41. Bb2 Rc6 42. c4 Ra6 43. Rxg7+ Ke8 44. a3 Rc6 45. Rxb7 Rxc4 46. Rxa7 Rc6 47. a4 Rg6+ 48. Kf1 Rh6 49. Kg2 Rg6+ 50. Kh2 Re6 51. a5 Re2 52. Bd4 Rd2 53. Be3 Rd3 54. a6 Kd8 55. Rb7 Kc8 56. Rb1 Ra3 57. a7 Ra4 58. Rb8+ Kc7 59. a8Q Rxa8 60. Rxa8 Kb7 61. Ra7+ Kb8 62. Rg7 Kc8 63. h4 Kd8 64. h5 Ke8 65. h6 Kf8 66. Bd4 Ke8 67. h7 Kf8 68. h8Q# 1-0

[Event "BCF-ch U10 blitz"]
[Site "Hull"]
[Date "2024.07.25"]
[Round "1"]
[White "Eru, Lily"]
[Black "Sriram, Gautam"]
[Result "0-1"]
[WhiteElo "703"]
[BlackElo "1572"]
[PlyCount "50"]
[EventDate "2024.07.25"]
[EventType "swiss (blitz)"]
[EventRounds "9"]
[EventCountry "ENG"]
[SourceTitle "CBM 221 Extra"]
[Source "ChessBase"]
[SourceDate "2024.09.30"]
[SourceVersion "1"]
[SourceVersionDate "2024.09.30"]
[SourceQuality "1"]

1. e4 d5 2. f3 dxe4 3. fxe4 e5 4. d3 Nf6 5. Nc3 Bc5 6. Nf3 Nc6 7. Bg5 Be6 8. b3 h6 9. Bxf6 Qxf6 10. Rb1 Bb4 11. Qd2 Nd4 12. Nxd4 exd4 13. g3 Bxc3 14. Ke2 Bxd2 15. Kxd2 Qf2+ 16. Kd1 Qf3+ 17. Kc1 Qxh1 18. Kd2 Qxh2+ 19. Ke1 Qxg3+ 20. Kd2 Qf2+ 21. Kd1 Qxf1+ 22. Kd2 Qxb1 23. Ke2 Bg4+ 24. Kf2 Qxc2+ 25. Ke1 Qe2# 0-1

[Event "BCF-ch U10 blitz"]
[Site "Hull"]
[Date "2024.07.25"]
[Round "7"]
[White "Ewart, Thomas"]
[Black "Sriram, Gautam"]
[Result "0-1"]
[WhiteElo "1555"]
[BlackElo "1572"]
[PlyCount "64"]
[EventDate "2024.07.25"]
[EventType "swiss (blitz)"]
[EventRounds "9"]
[EventCountry "ENG"]
[SourceTitle "CBM 221 Extra"]
[Source "ChessBase"]
[SourceDate "2024.09.30"]
[SourceVersion "1"]
[SourceVersionDate "2024.09.30"]
[SourceQuality "1"]

1. e4 d5 2. exd5 Qxd5 3. Nc3 Qa5 4. d3 c6 5. Bd2 Qc7 6. Nf3 Bf5 7. Be2 Nf6 8. 0-0 e6 9. Nd4 Bg6 10. g3 Bd6 11. Bg5 Nbd7 12. Qd2 0-0 13. Rfe1 Rfe8 14. f4 Bc5 15. Qe3 Qb6 16. Bxf6 Nxf6 17. Qc1 Bxd4+ 18. Kf1 Bxc3 19. bxc3 Qc7 20. Kg1 e5 21. Bf3 exf4 22. Qxf4 Qxf4 23. gxf4 h6 24. Rf1 Rad8 25. Rab1 Re7 26. Rfd1 Nd5 27. c4 Nc3 28. Rdc1 Nxb1 29. Rxb1 Rde8 30. Kf2 Kh7 31. Bg4 f5 32. Bf3 Bf7 0-1